000 00493nam a2200181Ia 4500
001 2538
005 20260306144814.0
008 260306t2022||||xx |||||||||||||| ||spa||
041 _aESP
082 _a616.8914
_bS85
100 _aSuazo Zepeda, Benjamín,
_eAUT
245 0 _aPsicopatología y mal Moral :
_buna comprensión desde la psicología integral de la persona
260 _c2022
300 _a247 páginas :
_c24 cm.
650 _aGEN
654 _aCPS
942 _cLIB
_dJUS
_fJUS
_2ddc
_n
999 _c2538
_d2538